000 00606nam a2200193Ia 4500
005 20250508153637.0
008 008 250505s9999 xx 000 0 eng d
037 _aTextual
040 _aFEDL
_beng
_cFEDL
041 _aeng
_2eng
084 _a370.7, AME
_qFEDL
245 0 _aImprovement of teacher education : A final report by the commission on teacher eduation
245 0 _cAmerican Council on Education
260 _aWashington, USA
_bAmerican Council on Education
_c1946
300 _axvi,283p
650 _aEducation
942 _cTEXL
_h370.7, AME
999 _c1344595
_d1344595